Ďurica po návrate: Dúfam, že nám pomôžu aj Španieli

Bibliographic Details
Format: Article
Language:Slovak
PhysicalDescription:Fotogr.
ISSN:1335-4050
Subjects:

MARC

LEADER 00000nab a2200000 a 4500
001 vtls010916325
003 SK-MaSNL
005 20260303091006.0
008 171120|20151006xo dr | 000 0|slo
015 |a SNBRB2015/10 
038 |a DSZK 
040 |a DSZK  |b slo  |c DSZK  |e AACR2 
041 0 |a slo 
044 |a xo  |c SK 
080 |a 796.332.071.2  |x (437.6)  |2 2001 
245 0 0 |a Ďurica po návrate: Dúfam, že nám pomôžu aj Španieli  |c [autor] zn 
300 |b Fotogr. 
600 1 7 |a Ďurica, Ján,  |d 1981-  |2 dszk  |9 414750 
650 0 7 |a rodáci  |2 snkbucl  |9 30842 
650 0 7 |a futbalisti  |2 SNKPH  |9 43771 
651 7 |a Dunajská Streda (Slovensko)  |2 dszk  |9 17375 
773 0 |t Pravda  |g Roč. XXV, č. 230 (6.10.2015), s. 39  |x 1335-4050 
852 |a DSZK  |b KIS3GCP 
958 |a SK 
999 |c 1805723  |d 1807653